| 000 | 00946nam a22002657i 4500 | ||
|---|---|---|---|
| 003 | DO-SdBNP | ||
| 005 | 20230614141031.0 | ||
| 007 | ta | ||
| 008 | 230601b2023 sp ||||| |||| 00| 0 spa d | ||
| 020 | _a9780847716180 | ||
| 040 |
_aDO-SdBNP _bspa _cBNPHU _erda |
||
| 082 | 4 |
_bS586n _222 |
|
| 245 | 1 | 3 |
_aNarrativas de lucha : _bmujeres inmigrantes y violencias de género en Puerto Rico / _cElithet Silva Martínez, Romelinda Grullón, Noelia Delgado Rodríguez, Delia Figueroa Ocasio |
| 264 | 4 |
_aSan Juan, Puero Rico : _bUniversidad de Puerto Rico, _c2023. |
|
| 300 |
_a296 páginas ; _c24 cm. |
||
| 336 |
_2rdacontent _atexto _btxt |
||
| 337 |
_2rdamedia _asin mediación _bn |
||
| 338 |
_2rdacarrier _avolumen _bnc |
||
| 590 | _aInventariado, 2023/DG | ||
| 700 |
_aGrullón, Romelinda _eautor _969986 |
||
| 700 |
_aDelgado Rodríguez, Noelia _eautor _983544 |
||
| 700 |
_aFigueroa Ocasio, Delia _eautor _983545 |
||
| 910 | _aDG | ||
| 942 |
_2ddc _cLBS1 |
||
| 999 |
_c53825 _d53825 |
||